| 000 | 00520nam a2200181Ia 4500 | ||
|---|---|---|---|
| 005 | 20250508155536.0 | ||
| 008 | 008 250505s9999 xx 000 0 eng d | ||
| 037 | _aBooks to be hide in OPAC | ||
| 040 |
_aFEDL _beng _cFEDL |
||
| 041 |
_aeng _2eng |
||
| 084 | _qFEDL | ||
| 100 |
_aSchultze Walter _9767097 |
||
| 245 | 0 | _aEnglands schulen heute eine darstellung des offentlichen allgemeinbildenden schulwesens herausgegeben | |
| 300 | _a166p | ||
| 546 | _aWeeded out | ||
| 942 | _cHB | ||
| 999 |
_c1357586 _d1357586 |
||